000 00532nam a2200205Ia 4500
005 20250505145733.0
008 008 250505s9999 xx 000 0 eng d
037 _aTextbook
040 _aFML
_bhin
_cFML
041 _ahin
_2hin
084 _aNRY.44 R1
_qFML
100 _aSwati
245 0 _aBhartiya Sangeet Mein Sangat Ka Mahatva
260 _aDelhi
_bSanjay Prakashan
_c2021
300 _a412p
365 _aINR
_b1600
650 _aMusic
942 _cTB
_hNRY.44 R1
999 _c1311690
_d1311690